Datum a čas kvízu
38.5
Celkem bodů
Celkový počet nahraných bodů na tomto kvízu bez doplňovacích otázek.
2.
Pořadí na kvízu
Konečné umístění týmu na tomto kvízu.
Zaznamenané odpovědi
| # | Otázka | Odpověď | Body | Výsledky |
|---|---|---|---|---|
| 1. | V minulých dnech bylo v médiíc... | Pavel Tuleja | 1 | |
| 2. | Švýcarský výrobce nožů Victori... | nebude obsahovat nožík/čepel | 1 | |
| 3. | Minulé úterý dne 7.5.2024 měl... | Antonín Kučera | 0 | |
| 4. | Někteří obyvatelé Německa, pře... | kebab | 1 | |
| 5. | Jak se jmenuje český fotbalový... | Václav Hladký | 0 | |
| 6. | Podíváme se do zemí či krajů,... | Muž z Acapulca | 1 | |
| 7. | Ve filmu Tři veteráni ztvárnil... | B | 1 | |
| 8. | Brobdingnag, Laputa, Balnibarb... | Gulliverovy cesty, Jonathan Swift | 1 | |
| 9. | Přiřaďte tyto postavy z knižní... | 1A 2B 3D 4C | 1 | |
| 10. | Děj které humoristické novely... | Rozmarné léto | 1 |